15 countries that hate Trump the most - Statistics

General Stats
  • This quiz has been taken 207 times
  • The average score is 11 of 15
Answer Stats
Rank Continent Country % Correct
8 Europe United Kingdom
96%
5 Europe France
95%
3 Europe Germany
92%
14 North America Mexico
86%
15 Europe Italy
83%
6 Europe Spain
83%
7 North America Canada
82%
12 South America Brazil
78%
9 Oceania Australia
75%
10 Asia Japan
75%
1 Europe Sweden
74%
2 Europe Netherlands
65%
13 South America Chile
62%
4 Asia South Korea
59%
11 Africa Senegal
20%
No matching quizzes found
Score Distribution
Percent of People with Each Score
Percentile by Number Answered
Your Score History
You have not taken this quiz